000 00416nam a2200181Ia 4500
005 20240823052304.0
008 240823s9999||||xx |||||||||||||| ||und||
041 _aENGLISH
082 _A530
100 _aBhardwaj R
245 0 _aFormulae and Definitions in PHYSICS Vol-2
250 _a1st
260 _b"Asian Pub,"
500 _aTransfered
650 _aPhysics
_bPhysics
942 _cBK
999 _c221522
_d221522